000 00639 a2200253 4500
260 _aParis
630 _a91 - Geographie. Exploration de la terre, des diverses regions, des divers pays. Voyages. Geographie regionale
650 _a9 - GEOGRAPHIE ET HISTOIRE
100 _aGamblin, André
260 _bSEDES
245 _aL'Energie en France : étude de géographie
300 _a171 p.
650 _aEnergie
650 _aFrance
260 _c1968
300 _b24 cm
100 _lFr
037 _a15038
037 _a6945
250 _a3e éd. rev et mise à jour
044 _cFrance
999 _c35387
_d35387